000 00529nam a22001817a 4500
003 CEME
005 20210628205351.0
008 201231b xxu||||| |||| 00| 0 eng d
020 _a9780718022099
040 _cceme
082 _a658.4092
100 _aMaxwell, John C
_956052
245 _aThe complete 101 collection,what every leader needs to know
260 _aUSA
_c2015
300 _a616P
650 _aLEADERSHIP.ATTITUDE, SELF IMPROVEMENT.RELATIONSHIP.SUCCESS.TEAMWORK.EQUIPPING.MENTORING
_975171
942 _cBK
_2ddc
999 _c580643
_d580643